11-S. el informe: extracto del informe final de los atentados terroristas contra Estados Unidos

Guardat en:
Dades bibliogràfiques
Autor corporatiu: Comisión Nacional de Investigación (Autor)
Format: Llibre
Idioma:espanyol
Publicat: Barcelona Paidós 2005
Matèries:
Etiquetes: Afegir etiqueta
Sense etiquetes, Sigues el primer a etiquetar aquest registre!

MARC

LEADER 00000nam a2200000 a 4500
001 UCK3608
003 CL-VaPUC
008 050429e20050000SP |||||||||||||||||spa|d
020 |a 844931688X 
082 0 4 |a 303.625  |b COM  |2 21 
110 2 |a Comisión Nacional de Investigación  |e author  |9 491744 
245 1 0 |a 11-S. el informe: extracto del informe final de los atentados terroristas contra Estados Unidos 
300 |a 348 p 
942 |c BK 
945 |d 20050429 00:00:00  |a jcarroza 
260 |a Barcelona  |b Paidós  |c 2005 
650 7 |a TERRORISMO INTERNACIONAL  |2 CL-VaPUC  |9 336647 
650 0 |a Atentados terroristas  |9 471442 
650 0 |a Informes  |9 334810 
651 0 |a Estados Unidos  |9 255178 
583 |a last modification  |c 20050429 00:00:00  |k Rodrigo Vera 
999 |c 312728  |d 312726 
952 |0 0  |1 0  |4 0  |6 303_625000000000000_COM_2005  |7 0  |8 A  |9 383421  |a BIBHIS  |b BIBHIS  |d 2019-11-21  |i 4112822  |o 303.625 COM 2005  |p 4112822  |r 2025-01-20  |w 2019-11-21  |y BK  |k HIS